| 000 | 00745nam a2200253Ia 4500 | ||
|---|---|---|---|
| 003 | GCL | ||
| 005 | 20240530102521.0 | ||
| 008 | 140319s9999 xx 000 0 ara d | ||
| 040 |
_aGCL / _cGCL |
||
| 082 | 0 | 4 |
_a916.621 _bق/ع ف |
| 100 | 1 | _aعبدالعزيز كامل | |
| 245 | 1 | 0 |
_aفى ارض النيل / _cعبدالعزيز كامل |
| 260 |
_a[S.N] : _bعالم الكتب الحديث ، _c1971 |
||
| 300 | _a211 ص | ||
| 650 | 0 | 4 | _aمصر |
| 650 | 0 | 4 | _aالسودان |
| 650 | 0 | 4 | _aالجغرافيا الطبيعية |
| 650 | 0 | 4 | _aالجغرافيا |
| 650 | 0 | 4 | _aنهر النيل |
| 650 | 0 | 4 | _aالسد العالى |
| 650 | 0 | 4 | _aالقوى المائية |
| 650 | 0 | 4 | _aالكشوف العلمية |
| 942 |
_2ddc _cBK |
||
| 999 |
_c32826 _d32826 |
||